000 01056nam a22002537a 4500
008 240605b mp ||||| |||| 00| 0 mon d
020 _a978-99973-1-641-7
035 _a29435
040 _aDA0445040
_bmon
_cMN-UlNLM
_dMN-UlNLM
_erda
041 _amon
042 _a61548
084 _221
_a808.8992823
_bК.414
100 _aКинни Ж.
245 0 _aНохой гаслам халуун өдрүүд
264 _aУлаанбаатар
_bЦэнхэр гүзээлзгэнэ ХХК
_c2018
300 _a191 х.
336 _2rdacontent
_atext
_btxt
337 _2rdamedia
_aunmediated
_bn
338 _2rdacarrier
_avolume
_bnc
490 _aДүрсгүй жаалын өдрийн тэмдэглэл
_v8
650 _aДунд сургуульд тохиолдсон адал явдлуудын тухай Грегийн тэмдэглэл. Сахлаа өдөрт хоёр удаа хусах шаардлагатай томоохон биетэй хөвг...
942 _210-t
_cBK
999 _c765104
_d765161